Statistics for NBA All-Star Slam Dunk Contest Winners

Click here to take the quiz!

General Stats

  • This quiz has been taken 270 times
    (21 since last reset)
  • The average score is 20 of 39

Answer Stats

YearTeamAnswer% Correct
1988BullsMichael Jordan
86%
1987BullsMichael Jordan
86%
2000RaptorsVince Carter
81%
2011ClippersBlake Griffin
76%
2017PacersGlenn Robinson III
76%
2016TimberwolvesZach LaVine
76%
2015TImberwolvesZach LaVine
76%
2008MagicDwight Howard
71%
2024Osceola MagicMac McClung
71%
202376ersMac McClung
71%
2006KnicksNate Robinson
71%
2009KnicksNate Robinson
71%
2010KnicksNate Robinson
71%
1990HawksDominique Wilkins
67%
1985HawksDominique Wilkins
67%
2014WizardsJohn Wall
62%
1997LakersKobe Bryant
62%
2020HeatDerrick Jones Jr.
57%
2022KnicksObi Toppin
57%
2018JazzDonovan Mitchell
52%
2004PacersFred Jones
52%
2021Trail BlazersAnfernee Simmons
48%
2007CelticsGerald Green
48%
2003WarriorsJason Richardson
48%
2002WarriorsJason Richardson
48%
2005HawksJosh Smith
48%
2013RaptorsTerrence Ross
43%
2019ThunderHamidou Diallo
38%
1986HawksSpud Webb
38%
1991CelticsDee Brown
29%
1984SunsLarry Nance
29%
1996ClippersBrent Barry
19%
1992SunsCedric Ceballos
19%
1995HeatHarold Miner
19%
1993HeatHarold Miner
19%
1994TimberwolvesIsiah Rider
19%
2001SonicsDesmond Mason
14%
2012JazzJeremy Evans
14%
1989KnicksKenny Walker
10%

Score Distribution

Percentile by Number Answered

Percent of People with Each Score

Your Score History

You have not taken this quiz since the last reset